[Event "33. Open Ciudad de San Sebastian"]
[Site "San Sebastián ESP"]
[Date "2010.03.29"]
[Round "2.66"]
[White "Iglesias Gonzalez, Veronica"]
[Black "Benson, Nicola"]
[Result "1-0"]
[WhiteElo "1803"]
[BlackElo "1377"]
[PlyCount "55"]
[EventDate "2010.03.28"]
[EventType "swiss"]
[EventRounds "9"]
[EventCountry "ESP"]
[Source "lmi"]
[SourceDate "2010.03.28"]

1. c4 e6 2. Nc3 Nf6 3. Nf3 d5 4. cxd5 exd5 5. d4 Be7 6. Bf4 O-O 7. e3 b6 8. Bd3
c5 9. b3 Bb7 10. Qc2 cxd4 11. Nxd4 Bc5 12. O-O Bxd4 13. exd4 Nc6 14. Be5 Nb4
15. Qe2 Nxd3 16. Qxd3 a6 17. a4 Nd7 18. Bd6 Re8 19. Rfe1 Qf6 20. Bc7 Re6 21.
Ne2 Rae8 22. Rad1 Qe7 23. Kf1 Nc5 24. dxc5 Qxc5 25. Qc3 Qe7 26. Nf4 Qg5 27.
Nxe6 fxe6 28. Qg3 1-0

[Event "33. Open Ciudad de San Sebastian"]
[Site "San Sebastián ESP"]
[Date "2010.03.30"]
[Round "3.1"]
[White "Spraggett, Kevin"]
[Black "Collins, Sam E"]
[Result "1/2-1/2"]
[WhiteElo "2580"]
[BlackElo "2401"]
[PlyCount "153"]
[EventDate "2010.03.28"]
[EventType "swiss"]
[EventRounds "9"]
[EventCountry "ESP"]
[Source "lmi"]
[SourceDate "2010.03.28"]

1. e4 e5 2. Nf3 Nc6 3. Bb5 a6 4. Ba4 Nf6 5. d3 b5 6. Bb3 Be7 7. O-O O-O 8. Re1
d6 9. c3 Na5 10. Bc2 c5 11. Nbd2 Qc7 12. Nf1 Nc6 13. Bg5 h6 14. Bh4 Nh5 15. Ne3
Bxh4 16. Nxh4 g6 17. g3 Be6 18. Rf1 Bh3 19. Nhg2 Ne7 20. a4 Rad8 21. axb5 axb5
22. Bb3 Kh7 23. Qf3 f5 24. exf5 Nxf5 25. Nd5 Qd7 26. Qe2 Ne7 27. f3 Nxd5 28.
Bxd5 Nf6 29. Bb3 d5 30. d4 cxd4 31. Qxe5 dxc3 32. bxc3 Rf7 33. Qd4 Qc6 34. Rfe1
Bxg2 35. Kxg2 Re8 36. Ra7 Rxa7 37. Qxa7+ Kh8 38. Rxe8+ Qxe8 39. Kf2 Qc6 40. Qe3
g5 41. h4 gxh4 42. Qxh6+ Kg8 43. Bxd5+ Qxd5 44. Qg6+ Kf8 45. Qxf6+ Kg8 46. gxh4
b4 47. cxb4 Qd2+ 48. Kg3 Qe1+ 49. Kg4 Qxb4+ 50. Qf4 Qb3 51. h5 Qe6+ 52. Qf5
Qc4+ 53. Qe4 Qc8+ 54. Kh4 Qd8+ 55. Kh3 Kh8 56. Qf5 Qe7 57. Qg4 Qf7 58. Kg2 Qa2+
59. Kg3 Qf7 60. Qd4+ Kh7 61. Qe4+ Kh8 62. Qe5+ Kh7 63. Kg4 Qg8+ 64. Kf4 Qf7+
65. Kg4 Qg8+ 66. Kh4 Qd8+ 67. Qg5 Qd4+ 68. f4 Qf2+ 69. Qg3 Qc2 70. Qg4 Kh8 71.
Kg5 Qc5+ 72. Kh4 Qe7+ 73. Kh3 Qe3+ 74. Qg3 Qe6+ 75. Qg4 Qe3+ 76. Kg2 Qd2+ 77.
Kh3 1/2-1/2

[Event "33. Open Ciudad de San Sebastian"]
[Site "San Sebastián ESP"]
[Date "2010.03.30"]
[Round "3.2"]
[White "Argandona Riveiro, Inigo"]
[Black "Gleizerov, Evgeny"]
[Result "0-1"]
[WhiteElo "2388"]
[BlackElo "2565"]
[PlyCount "70"]
[EventDate "2010.03.28"]
[EventType "swiss"]
[EventRounds "9"]
[EventCountry "ESP"]
[Source "lmi"]
[SourceDate "2010.03.28"]

1. d4 e6 2. e3 f5 3. g4 fxg4 4. Qxg4 Nf6 5. Qg2 Nc6 6. f4 d6 7. Nc3 e5 8. d5
Ne7 9. Bd2 exf4 10. exf4 g6 11. O-O-O Bg7 12. Bd3 O-O 13. Nge2 c6 14. dxc6 bxc6
15. f5 Bxf5 16. Bxf5 Nxf5 17. Qxc6 Rc8 18. Qa4 Qb6 19. Qb3+ Qxb3 20. axb3 Ng4
21. Rde1 d5 22. Nxd5 Nf2 23. Ng3 Nd3+ 24. Kb1 Nxe1 25. Nxf5 gxf5 26. Rxe1 Rcd8
27. c4 f4 28. Ba5 Rd7 29. Bb4 Rb8 30. Ba3 Rxb3 31. Re8+ Kf7 32. Re4 Rdb7 33.
Rxf4+ Kg8 34. Kc2 Rh3 35. Rf2 Rxa3 0-1

[Event "33. Open Ciudad de San Sebastian"]
[Site "San Sebastián ESP"]
[Date "2010.03.30"]
[Round "3.3"]
[White "Almeida Toledano, Daniel"]
[Black "Alsina Leal, Daniel"]
[Result "0-1"]
[WhiteElo "2367"]
[BlackElo "2548"]
[PlyCount "58"]
[EventDate "2010.03.28"]
[EventType "swiss"]
[EventRounds "9"]
[EventCountry "ESP"]
[Source "lmi"]
[SourceDate "2010.03.28"]

1. e4 c5 2. Nc3 Nc6 3. Bb5 Nd4 4. Bc4 e6 5. Nf3 Nf6 6. O-O a6 7. d3 b5 8. Bb3
Nxb3 9. axb3 Bb7 10. Bg5 d6 11. Qe2 Be7 12. Nd2 Nxe4 13. Ndxe4 Bxg5 14. d4 Be7
15. dxc5 dxc5 16. Rfd1 Qc7 17. Rd3 O-O 18. Rad1 Rad8 19. Qe3 Rxd3 20. Rxd3 Qc6
21. f3 h6 22. Qd2 c4 23. bxc4 bxc4 24. Rd7 Re8 25. Kf1 f5 26. Nf2 Bc8 27. Rd4
a5 28. Nfd1 Qc7 29. Ne2 Bf6 0-1

[Event "33. Open Ciudad de San Sebastian"]
[Site "San Sebastián ESP"]
[Date "2010.03.30"]
[Round "3.4"]
[White "San Segundo Carrillo, Pablo"]
[Black "Andres Gonzalez, Ivan"]
[Result "1-0"]
[WhiteElo "2534"]
[BlackElo "2340"]
[PlyCount "57"]
[EventDate "2010.03.28"]
[EventType "swiss"]
[EventRounds "9"]
[EventCountry "ESP"]
[Source "lmi"]
[SourceDate "2010.03.28"]

1. d4 Nf6 2. Nf3 e6 3. c4 Bb4+ 4. Bd2 Qe7 5. g3 O-O 6. Bg2 Ne4 7. O-O f5 8. Be3
c6 9. c5 d5 10. Qa4 Na6 11. a3 b5 12. cxb6 axb6 13. axb4 Nc7 14. Qxa8 Nxa8 15.
Rxa8 Qxb4 16. Nbd2 c5 17. Rc1 c4 18. Nxe4 fxe4 19. Ne5 Qxb2 20. Bh3 b5 21. Rxc8
Rxc8 22. Bxe6+ Kf8 23. Bxc8 b4 24. Bb7 c3 25. Bxd5 b3 26. Nd7+ Ke8 27. Nc5
Qxc1+ 28. Bxc1 b2 29. Bxb2 1-0

[Event "33. Open Ciudad de San Sebastian"]
[Site "San Sebastián ESP"]
[Date "2010.03.30"]
[Round "3.6"]
[White "Thomassen, Joachim"]
[Black "Cifuentes Parada, Roberto"]
[Result "1-0"]
[WhiteElo "2331"]
[BlackElo "2525"]
[PlyCount "85"]
[EventDate "2010.03.28"]
[EventType "swiss"]
[EventRounds "9"]
[EventCountry "ESP"]
[Source "lmi"]
[SourceDate "2010.03.28"]

1. e4 c5 2. Nf3 Nc6 3. d4 cxd4 4. Nxd4 Nf6 5. Nc3 d6 6. Bg5 Bd7 7. Qd2 h6 8.
Bxf6 gxf6 9. O-O-O Nxd4 10. Qxd4 Qa5 11. Kb1 Rc8 12. f4 Qc5 13. Qd3 Bg7 14. f5
h5 15. Be2 h4 16. Rhf1 Bh6 17. Nd5 Bg5 18. b4 Qc6 19. Kb2 b5 20. c3 Qb7 21. Qd4
Bc6 22. Bd3 Rg8 23. Rg1 Bh6 24. g3 hxg3 25. Rxg3 Rxg3 26. hxg3 Bg5 27. Bc2 Kf8
28. Rh1 Bxd5 29. Qxd5 Qxd5 30. exd5 Kg7 31. Rd1 Rh8 32. Bd3 Rh2+ 33. Kb3 Rg2
34. Bxb5 Rxg3 35. Rd4 Rf3 36. Bd7 Bf4 37. Rc4 Be5 38. a4 Rd3 39. Rc7 a6 40. Bc8
a5 41. bxa5 Rxd5 42. a6 Ra5 43. Kb4 1-0

[Event "33. Open Ciudad de San Sebastian"]
[Site "San Sebastián ESP"]
[Date "2010.03.30"]
[Round "3.7"]
[White "Ulibin, Mikhail"]
[Black "Cruz-Lopez Claret, Carlos"]
[Result "1/2-1/2"]
[WhiteElo "2516"]
[BlackElo "2318"]
[PlyCount "162"]
[EventDate "2010.03.28"]
[EventType "swiss"]
[EventRounds "9"]
[EventCountry "ESP"]
[Source "lmi"]
[SourceDate "2010.03.28"]

1. e4 e5 2. Nf3 Nc6 3. Bb5 f5 4. Nc3 fxe4 5. Nxe4 d5 6. Ng3 Bg4 7. h3 Bxf3 8.
Qxf3 Qd6 9. Qh5+ g6 10. Bxc6+ bxc6 11. Qe2 Bg7 12. a4 Ne7 13. b3 O-O 14. Ba3
Qf6 15. O-O Rf7 16. Bc5 h5 17. Qa6 h4 18. Ne2 g5 19. Rae1 Kh8 20. f3 Ng6 21. d4
Bf8 22. Bxf8 Raxf8 23. dxe5 Nxe5 24. Qxa7 g4 25. hxg4 h3 26. Qd4 Rg7 27. Rd1
Qg5 28. Ng3 Rf4 29. Qd2 Rh7 30. Rde1 Rxg4 31. Qxg5 Rxg5 32. Kh2 hxg2+ 33. Kxg2
Rhg7 34. Rh1+ Kg8 35. Rh3 Ng6 36. Kf2 Nf4 37. Re8+ Kf7 38. Rhh8 Ng6 39. Ne2
Nxh8 40. Rxh8 Rg2+ 41. Kf1 Ke7 42. a5 Rg8 43. Rh4 R2g6 44. b4 c5 45. bxc5 Rc6
46. Rh7+ Ke8 47. Nd4 Rxc5 48. a6 Ra5 49. Ne6 Rg6 50. Nxc7+ Kd8 51. a7 Rxa7 52.
Ne6+ Rxe6 53. Rxa7 Rc6 54. Ra2 Rc3 55. Kf2 Ke7 56. Kg3 d4 57. Kf4 d3 58. cxd3
Rxd3 59. Ra7+ Kf8 60. Ra6 Kf7 61. Ke4 Rb3 62. f4 Rb4+ 63. Kf5 Rb5+ 64. Kg4 Rb1
65. Kg5 Rg1+ 66. Kf5 Rb1 67. Ra7+ Kf8 68. Ra6 Kf7 69. Ra7+ Kf8 70. Kg5 Rb6 71.
f5 Rc6 72. Rb7 Ra6 73. Rh7 Rb6 74. Rd7 Ra6 75. Kf4 Rb6 76. Ke5 Ra6 77. Rd6 Rxd6
78. Kxd6 Kf7 79. Ke5 Ke7 80. f6+ Kf7 81. Kf5 Kf8 1/2-1/2

[Event "33. Open Ciudad de San Sebastian"]
[Site "San Sebastián ESP"]
[Date "2010.03.30"]
[Round "3.8"]
[White "Piasetski, Leon"]
[Black "Llaneza Vega, Marcos"]
[Result "1/2-1/2"]
[WhiteElo "2280"]
[BlackElo "2514"]
[PlyCount "70"]
[EventDate "2010.03.28"]
[EventType "swiss"]
[EventRounds "9"]
[EventCountry "ESP"]
[Source "lmi"]
[SourceDate "2010.03.28"]

1. Nf3 c5 2. e3 Nf6 3. d4 e6 4. c3 b6 5. Nbd2 Be7 6. Bd3 Bb7 7. e4 d5 8. e5
Nfd7 9. Qe2 Qc8 10. O-O Ba6 11. c4 Nc6 12. a3 cxd4 13. b4 dxc4 14. Nxc4 O-O 15.
Bf4 Bb7 16. Rac1 Qd8 17. h4 g6 18. Be4 Rc8 19. b5 d3 20. Qe3 Na5 21. Nxa5 Bxe4
22. Qxe4 bxa5 23. Qxd3 Nb6 24. Rfd1 Qxd3 25. Rxd3 Nd5 26. Rxc8 Rxc8 27. Bd2 a4
28. Rd4 Nb6 29. Ba5 Bxa3 30. Bxb6 axb6 31. Rxa4 Rc1+ 32. Kh2 Bc5 33. Ng5 h6 34.
Ne4 Kg7 35. f4 Rb1 1/2-1/2

[Event "33. Open Ciudad de San Sebastian"]
[Site "San Sebastián ESP"]
[Date "2010.03.30"]
[Round "3.9"]
[White "Alonso Rosell, Alvar"]
[Black "Trepat Herranz, Joan"]
[Result "1/2-1/2"]
[WhiteElo "2509"]
[BlackElo "2305"]
[PlyCount "75"]
[EventDate "2010.03.28"]
[EventType "swiss"]
[EventRounds "9"]
[EventCountry "ESP"]
[Source "lmi"]
[SourceDate "2010.03.28"]

1. d4 d5 2. c4 c6 3. Nf3 Nf6 4. Nc3 e6 5. Bg5 dxc4 6. e4 b5 7. e5 h6 8. Bh4 g5
9. Nxg5 hxg5 10. Bxg5 Nbd7 11. exf6 Bb7 12. g3 Qb6 13. Bg2 c5 14. d5 O-O-O 15.
O-O b4 16. Na4 Qa6 17. a3 Bxd5 18. Bxd5 Ne5 19. axb4 Rxd5 20. Qe2 cxb4 21. Nc3
Ra5 22. Rxa5 Qxa5 23. Ne4 Nd3 24. b3 Qe5 25. f3 Qb2 26. Qxb2 Nxb2 27. bxc4 Kb7
28. c5 a5 29. Ra1 Nc4 30. Rc1 Ne5 31. Kg2 Kc6 32. Rd1 Bxc5 33. Bf4 Nc4 34. Ng5
Rf8 35. Nh7 Rh8 36. Ng5 Rf8 37. Nh7 Rh8 38. Ng5 1/2-1/2

[Event "33. Open Ciudad de San Sebastian"]
[Site "San Sebastián ESP"]
[Date "2010.03.30"]
[Round "3.10"]
[White "Hagesaether, Ellen"]
[Black "Pogorelov, Ruslan"]
[Result "0-1"]
[WhiteElo "2269"]
[BlackElo "2486"]
[PlyCount "112"]
[EventDate "2010.03.28"]
[EventType "swiss"]
[EventRounds "9"]
[EventCountry "ESP"]
[Source "lmi"]
[SourceDate "2010.03.28"]

1. e4 c5 2. Nf3 e6 3. d3 d5 4. Qe2 Nf6 5. g3 Be7 6. Bg2 Nc6 7. O-O O-O 8. e5
Ne8 9. c3 b5 10. d4 b4 11. dxc5 Bxc5 12. Bg5 Qb6 13. Qd2 f6 14. exf6 Nxf6 15.
cxb4 Bxb4 16. Be3 d4 17. Bxd4 Nxd4 18. Qxd4 Bc5 19. Qh4 Ba6 20. Nc3 Bxf1 21.
Rxf1 Rae8 22. Na4 Qb4 23. Qxb4 Bxb4 24. Nd4 e5 25. Nc6 Bd6 26. Nxa7 e4 27. Nb5
Be5 28. Nbc3 Bd4 29. Nb5 Rd8 30. Nxd4 Rxd4 31. Nc3 Rb8 32. b3 Rc8 33. Nb5 Rd2
34. Bh3 Rcc2 35. Na3 Rxa2 36. Nc4 Rd4 37. Be6+ Kf8 38. Ne3 g6 39. Bc4 Rdd2 40.
h3 h5 41. g4 h4 42. Nd1 Ra1 43. Nc3 Rxf1+ 44. Kxf1 g5 45. Ke1 Rc2 46. Nd5 Nxd5
47. Bxd5 Rc3 48. Bxe4 Rxh3 49. Bd5 Rd3 50. Bc4 Rd4 51. f3 Ke7 52. Kf2 Kd6 53.
Bf1 Ke5 54. Ke3 Rd1 55. Kf2 Rb1 56. Bc4 Rb2+ 0-1

[Event "33. Open Ciudad de San Sebastian"]
[Site "San Sebastián ESP"]
[Date "2010.03.30"]
[Round "3.11"]
[White "Tratar, Marko"]
[Black "Martin Alvarez, Inigo"]
[Result "1-0"]
[WhiteElo "2486"]
[BlackElo "2289"]
[PlyCount "79"]
[EventDate "2010.03.28"]
[EventType "swiss"]
[EventRounds "9"]
[EventCountry "ESP"]
[Source "lmi"]
[SourceDate "2010.03.28"]

1. d4 d5 2. c4 c6 3. Nf3 Nf6 4. Nc3 a6 5. e3 b5 6. c5 Nbd7 7. b4 a5 8. bxa5 b4
9. Nb1 Qxa5 10. Nbd2 e5 11. a4 e4 12. Nb3 Qa7 13. Ng1 Ba6 14. Bxa6 Qxa6 15. Bd2
Be7 16. Ne2 O-O 17. O-O Rfb8 18. Ng3 g6 19. f3 Ra7 20. Qc2 Qc4 21. Rfc1 exf3
22. gxf3 Qa6 23. Be1 Rba8 24. a5 Qb5 25. Qe2 Rb8 26. Rc2 Ne8 27. Nf1 Nc7 28.
Bg3 Qxe2 29. Rxe2 Rba8 30. Ra4 Na6 31. e4 Nf6 32. Be5 dxe4 33. fxe4 Nd7 34. Bg3
Bd8 35. Nfd2 Nc7 36. Nc4 Nb5 37. Rxb4 Be7 38. Rxb5 cxb5 39. Nb6 Rd8 40. c6 1-0

[Event "33. Open Ciudad de San Sebastian"]
[Site "San Sebastián ESP"]
[Date "2010.03.30"]
[Round "3.12"]
[White "Benson, Oisin P"]
[Black "Alvarez Pedraza, Aramis"]
[Result "0-1"]
[WhiteElo "2065"]
[BlackElo "2486"]
[PlyCount "58"]
[EventDate "2010.03.28"]
[EventType "swiss"]
[EventRounds "9"]
[EventCountry "ESP"]
[Source "lmi"]
[SourceDate "2010.03.28"]

1. d4 d6 2. c4 g6 3. Nf3 Bg7 4. Nc3 Bg4 5. Bf4 Nd7 6. h3 Bxf3 7. exf3 c6 8. Be2
Ngf6 9. O-O O-O 10. Rc1 Nh5 11. Be3 e6 12. f4 Nhf6 13. d5 exd5 14. cxd5 c5 15.
h4 a6 16. a4 Qb6 17. Rb1 Rae8 18. b4 Rxe3 19. a5 Qa7 20. fxe3 cxb4 21. Na2
Qxe3+ 22. Kh2 Re8 23. Bc4 h5 24. Rf3 Ng4+ 25. Kg3 Qe7 26. Rxb4 Nc5 27. Bd3 Bf6
28. Qh1 Nxd3 29. Rxd3 Qe3+ 0-1

[Event "33. Open Ciudad de San Sebastian"]
[Site "San Sebastián ESP"]
[Date "2010.03.30"]
[Round "3.13"]
[White "Recuero Guerra, David"]
[Black "Nava Pereda, Carlos"]
[Result "1/2-1/2"]
[WhiteElo "2481"]
[BlackElo "2254"]
[PlyCount "85"]
[EventDate "2010.03.28"]
[EventType "swiss"]
[EventRounds "9"]
[EventCountry "ESP"]
[Source "lmi"]
[SourceDate "2010.03.28"]

1. e4 e5 2. Nf3 Nc6 3. Bb5 a6 4. Bxc6 dxc6 5. O-O Ne7 6. Nxe5 Qd4 7. Qh5 g6 8.
Qg5 Bg7 9. Nd3 f5 10. e5 c5 11. b3 b6 12. Bb2 Qg4 13. Qe3 Nd5 14. Qe1 Bb7 15.
f3 Qg5 16. Nc3 O-O-O 17. Nxd5 Bxd5 18. Qe2 f4 19. Rfe1 Qf5 20. Bc3 Rhe8 21. b4
c4 22. Nb2 Qe6 23. Nd1 g5 24. Nf2 h5 25. h3 Qc6 26. a4 Qg6 27. d3 cxd3 28. cxd3
Bb7 29. Rac1 Kb8 30. Bb2 Re7 31. d4 Qe6 32. b5 a5 33. Rc2 Red7 34. Rec1 Bf8 35.
Bc3 Bb4 36. Bb2 Qf5 37. Nd3 g4 38. hxg4 hxg4 39. fxg4 Qg5 40. Nxb4 axb4 41. Rc6
Rh7 42. Qf3 Rdh8 43. Kf2 1/2-1/2

[Event "33. Open Ciudad de San Sebastian"]
[Site "San Sebastián ESP"]
[Date "2010.03.30"]
[Round "3.14"]
[White "Thomassen, Thomas"]
[Black "Cabrera, Alexis"]
[Result "0-1"]
[WhiteElo "2041"]
[BlackElo "2533"]
[PlyCount "62"]
[EventDate "2010.03.28"]
[EventType "swiss"]
[EventRounds "9"]
[EventCountry "ESP"]
[Source "lmi"]
[SourceDate "2010.03.28"]

1. c4 g6 2. g3 Bg7 3. Bg2 e5 4. Nc3 Nc6 5. e4 d6 6. d3 Be6 7. Nge2 Qd7 8. O-O
h5 9. f3 h4 10. Be3 hxg3 11. hxg3 f5 12. exf5 gxf5 13. Bg5 Bf6 14. Qd2 O-O-O
15. Nd5 Bxg5 16. Qxg5 Bxd5 17. cxd5 Nb4 18. Qd2 Qb5 19. a4 Qxd3 20. Qxb4 Qxe2
21. Rf2 Qd3 22. Rd2 Qe3+ 23. Kf1 a6 24. Rc1 Nf6 25. Qa5 Rd7 26. Rdc2 Nh5 27.
Rxc7+ Kb8 28. Bh3 Nxg3+ 29. Kg2 Ne2 30. Rxd7 Nf4+ 31. Kf1 Qxf3+ 0-1

[Event "33. Open Ciudad de San Sebastian"]
[Site "San Sebastián ESP"]
[Date "2010.03.30"]
[Round "3.15"]
[White "Korneev, Oleg"]
[Black "Meneses Gonzalez, Kevin Moises"]
[Result "1-0"]
[WhiteElo "2558"]
[BlackElo "2117"]
[PlyCount "59"]
[EventDate "2010.03.28"]
[EventType "swiss"]
[EventRounds "9"]
[EventCountry "ESP"]
[Source "lmi"]
[SourceDate "2010.03.28"]

1. e4 c5 2. Nf3 d6 3. d4 cxd4 4. Nxd4 Nf6 5. Nc3 a6 6. Be3 e6 7. g4 e5 8. Nf5
h5 9. g5 Nxe4 10. Nxg7+ Bxg7 11. Nxe4 d5 12. Ng3 d4 13. Bd2 Qd5 14. Bd3 Bg4 15.
Be4 Qd7 16. f3 Be6 17. h4 Nc6 18. Qe2 O-O-O 19. Qd3 Ne7 20. c4 f5 21. gxf6 Bxf6
22. b3 Rdg8 23. Ne2 Nf5 24. c5 Bxh4+ 25. Kd1 Be7 26. c6 bxc6 27. Rc1 c5 28.
Qxa6+ Kd8 29. Bc6 d3 30. Ba5+ 1-0

[Event "33. Open Ciudad de San Sebastian"]
[Site "San Sebastián ESP"]
[Date "2010.03.30"]
[Round "3.16"]
[White "Rodriguez Lapetra, Pablo"]
[Black "Huerga Leache, Mikel"]
[Result "1-0"]
[WhiteElo "2105"]
[BlackElo "2446"]
[PlyCount "107"]
[EventDate "2010.03.28"]
[EventType "swiss"]
[EventRounds "9"]
[EventCountry "ESP"]
[Source "lmi"]
[SourceDate "2010.03.28"]

1. e4 c5 2. Nf3 Nc6 3. d4 cxd4 4. Nxd4 Nf6 5. Nc3 d6 6. Bg5 e6 7. Qd2 a6 8.
O-O-O Bd7 9. f3 h6 10. Be3 Nxd4 11. Bxd4 b5 12. Bd3 b4 13. Ne2 e5 14. Bf2 Qa5
15. Kb1 Be6 16. c4 Nd7 17. a3 Rb8 18. axb4 Qxb4 19. Qxb4 Rxb4 20. Kc2 Bxc4 21.
Bxc4 Rxc4+ 22. Nc3 Be7 23. Ra1 Rc6 24. Ra2 Bd8 25. b4 O-O 26. Kb3 Bb6 27. Nd5
Bd8 28. Rha1 a5 29. bxa5 Bg5 30. Ra4 Rb8+ 31. Rb4 Ra6 32. Rxb8+ Nxb8 33. Bb6
Nd7 34. Kc4 Nxb6+ 35. Nxb6 Be3 36. Kb5 Ra7 37. a6 Kf8 38. Kc6 Bd4 39. Ra2 Ke8
40. Nc8 Ra8 41. Kb7 Kd7 42. Kxa8 Kxc8 43. Ra3 f5 44. exf5 h5 45. Rb3 Bc5 46.
Rb8+ Kc7 47. Rb7+ Kc8 48. a7 Ba3 49. Rxg7 d5 50. Rg8+ Kc7 51. Re8 Bd6 52. f6 d4
53. f7 d3 54. Rxe5 1-0

[Event "33. Open Ciudad de San Sebastian"]
[Site "San Sebastián ESP"]
[Date "2010.03.30"]
[Round "3.17"]
[White "Bas Sanchez, Jose Joaquin"]
[Black "Santos Etxepare, Agustin"]
[Result "1-0"]
[WhiteElo "1764"]
[BlackElo "1593"]
[PlyCount "59"]
[EventDate "2010.03.28"]
[EventType "swiss"]
[EventRounds "9"]
[EventCountry "ESP"]
[Source "lmi"]
[SourceDate "2010.03.28"]

1. e4 c5 2. Nf3 Nc6 3. Nc3 e5 4. Bb5 d6 5. d3 a6 6. Bxc6+ bxc6 7. h3 Nf6 8. O-O
Be7 9. Ne2 O-O 10. Ng3 d5 11. Re1 Qc7 12. b3 d4 13. Nd2 Be6 14. Nc4 Nd7 15. Qh5
f6 16. Bd2 Bf7 17. Qg4 Kh8 18. Nf5 g6 19. Nxe7 Rae8 20. Ba5 Qb7 21. Nd6 f5 22.
exf5 Nf6 23. Nxg6+ Bxg6 24. Nxb7 Nxg4 25. hxg4 Bf7 26. Nd6 Re7 27. Nxf7+ Rfxf7
28. Re4 Re8 29. Rae1 Rfe7 30. f6 1-0

[Event "33. Open Ciudad de San Sebastian"]
[Site "San Sebastián ESP"]
[Date "2010.03.30"]
[Round "3.18"]
[White "Barria Zuniga, Daniel"]
[Black "Sanchez Dolado, Jorge"]
[Result "1-0"]
[WhiteElo "2435"]
[BlackElo "1966"]
[PlyCount "55"]
[EventDate "2010.03.28"]
[EventType "swiss"]
[EventRounds "9"]
[EventCountry "ESP"]
[Source "lmi"]
[SourceDate "2010.03.28"]

1. d4 d5 2. c4 c6 3. Nf3 Nf6 4. Nc3 dxc4 5. a4 Bf5 6. e3 e6 7. Bxc4 Bb4 8. O-O
O-O 9. Nh4 Nbd7 10. Nxf5 exf5 11. f3 c5 12. Na2 Ba5 13. dxc5 Qe7 14. Qc2 Qe5
15. b4 Bc7 16. f4 Qxa1 17. Bb2 Qxf1+ 18. Bxf1 Ne4 19. g4 Ndf6 20. Bxf6 Nxf6 21.
Qxf5 Rad8 22. Nc3 Rfe8 23. e4 Re6 24. e5 Nxg4 25. Bc4 Ne3 26. Qe4 Rg6+ 27. Kf2
Nxc4 28. Qxc4 1-0

[Event "33. Open Ciudad de San Sebastian"]
[Site "San Sebastián ESP"]
[Date "2010.03.30"]
[Round "3.19"]
[White "Aranaz Murillo, Amalia"]
[Black "Bae, Torstein"]
[Result "1-0"]
[WhiteElo "2083"]
[BlackElo "2414"]
[PlyCount "59"]
[EventDate "2010.03.28"]
[EventType "swiss"]
[EventRounds "9"]
[EventCountry "ESP"]
[Source "lmi"]
[SourceDate "2010.03.28"]

1. Nf3 d5 2. d4 Nf6 3. c4 e6 4. g3 c6 5. Bg2 Nbd7 6. O-O Be7 7. Qc2 O-O 8. Nbd2
b6 9. e4 a5 10. e5 Ne8 11. cxd5 cxd5 12. Re1 Ba6 13. Nf1 b5 14. h4 Rc8 15. Qd1
Nb6 16. b3 b4 17. Ng5 Qc7 18. Bf4 h6 19. Rc1 Qd7 20. Nh3 Rxc1 21. Bxc1 f5 22.
exf6 Nxf6 23. Nf4 Ne4 24. Bh3 Rf6 25. Qg4 Bd6 26. f3 Bxf4 27. Bxf4 Nc3 28. Be5
Rf8 29. Qg6 Bc8 30. Bxe6+ 1-0

[Event "33. Open Ciudad de San Sebastian"]
[Site "San Sebastián ESP"]
[Date "2010.03.30"]
[Round "3.20"]
[White "Navarro Rivas, Rashid"]
[Black "Alvarez Fernandez, Enrique"]
[Result "0-1"]
[WhiteElo "2046"]
[BlackElo "2366"]
[PlyCount "76"]
[EventDate "2010.03.28"]
[EventType "swiss"]
[EventRounds "9"]
[EventCountry "ESP"]
[Source "lmi"]
[SourceDate "2010.03.28"]

1. d4 d5 2. c4 Nc6 3. Nf3 Bg4 4. cxd5 Bxf3 5. dxc6 Bxc6 6. Nc3 Nf6 7. Bf4 e6 8.
e3 Bd6 9. Bxd6 Qxd6 10. Qb3 O-O 11. Nb5 Qd7 12. Nc3 a6 13. Rd1 b5 14. Rg1 Rab8
15. Qc2 Qd6 16. f4 Ba8 17. g4 Bf3 18. Be2 Bxe2 19. Qxe2 b4 20. Nb1 c5 21. Nd2
cxd4 22. Nc4 Qc7 23. Rxd4 b3 24. axb3 Rxb3 25. Qd1 Re8 26. Rg2 Nd5 27. Rgd2 Rb4
28. Qe2 Rc8 29. Ne5 Rxd4 30. Rxd4 Qc1+ 31. Rd1 Qxe3 32. Qxe3 Nxe3 33. Rd7 f6
34. Nd3 Nxg4 35. b4 e5 36. Nc5 exf4 37. Nxa6 f3 38. h3 f2+ 0-1

[Event "33. Open Ciudad de San Sebastian"]
[Site "San Sebastián ESP"]
[Date "2010.03.30"]
[Round "3.21"]
[White "Darrigues, Alain"]
[Black "Acosta Garcia, Alfonso Carlos"]
[Result "0-1"]
[WhiteElo "1997"]
[BlackElo "2327"]
[PlyCount "106"]
[EventDate "2010.03.28"]
[EventType "swiss"]
[EventRounds "9"]
[EventCountry "ESP"]
[Source "lmi"]
[SourceDate "2010.03.28"]

1. d4 d5 2. c4 c6 3. Nf3 Nf6 4. cxd5 cxd5 5. Bf4 Qb6 6. Qc2 Nc6 7. e3 Bf5 8.
Qb3 Qxb3 9. axb3 e6 10. Bb5 Bb4+ 11. Nc3 Ne4 12. O-O f6 13. Bxc6+ bxc6 14. Rfc1
g5 15. Bg3 Kd7 16. Ra6 Nxg3 17. hxg3 Bd3 18. Ra4 a5 19. Ne1 Bg6 20. Kf1 Rhb8
21. Nc2 Bxc3 22. bxc3 Bxc2 23. Rxc2 Rxb3 24. Ke2 Kc7 25. Kd2 Kb6 26. Rca2 Rb5
27. Kc2 c5 28. dxc5+ Rxc5 29. Rb2+ Rb5 30. Rba2 Rc8 31. Ra1 Rc4 32. R4a3 h5 33.
Rh1 h4 34. gxh4 Rxh4 35. Rxh4 gxh4 36. Ra4 Kc5 37. Rxh4 Rb8 38. Rf4 f5 39. g4
fxg4 40. Rxg4 Rf8 41. f4 a4 42. Rg7 Ra8 43. Kb2 a3+ 44. Ka2 Kc4 45. Rc7+ Kd3
46. Rc6 Re8 47. Rc5 Kxe3 48. f5 exf5 49. Rxd5 Rf8 50. Kxa3 f4 51. Kb3 f3 52.
Kc2 f2 53. Rd3+ Ke4 0-1

[Event "33. Open Ciudad de San Sebastian"]
[Site "San Sebastián ESP"]
[Date "2010.03.30"]
[Round "3.22"]
[White "Molina Rodriguez, Borja"]
[Black "Hernandez, Elvis"]
[Result "0-1"]
[WhiteElo "1941"]
[BlackElo "2277"]
[PlyCount "84"]
[EventDate "2010.03.28"]
[EventType "swiss"]
[EventRounds "9"]
[EventCountry "ESP"]
[Source "lmi"]
[SourceDate "2010.03.28"]

1. e4 e6 2. d4 d5 3. Nc3 Bb4 4. e5 c5 5. a3 Bxc3+ 6. bxc3 Ne7 7. Qg4 cxd4 8.
Qxg7 Rg8 9. Qxh7 Qc7 10. Ne2 Nbc6 11. f4 Bd7 12. Qd3 dxc3 13. Nxc3 a6 14. Rb1
Na5 15. h4 Nf5 16. Rh3 O-O-O 17. h5 Qc5 18. Qf3 Bc6 19. g4 Nd4 20. Qd1 Nb5 21.
Nxb5 axb5 22. Bb2 d4 23. Rd3 Nc4 24. Bxd4 Rxd4 25. Rxd4 Ne3 26. h6 Nxd1 27.
Rbxd1 Qc3+ 28. R1d2 Qe3+ 29. Kd1 Bf3+ 30. Kc1 Qe1+ 31. Kb2 Qxf1 32. h7 Rh8 33.
Rd8+ Rxd8 34. Rxd8+ Kxd8 35. h8=Q+ Kc7 36. Qg7 Qc4 37. Qxf7+ Kb8 38. g5 Be4 39.
c3 Qe2+ 40. Kb3 Bd5+ 41. Kb4 Qc4+ 42. Ka5 Ka7 0-1

[Event "33. Open Ciudad de San Sebastian"]
[Site "San Sebastián ESP"]
[Date "2010.03.30"]
[Round "3.23"]
[White "Nortes Hernandez, Pedro"]
[Black "Vea, Odin Blikra"]
[Result "0-1"]
[WhiteElo "1896"]
[BlackElo "2195"]
[PlyCount "88"]
[EventDate "2010.03.28"]
[EventType "swiss"]
[EventRounds "9"]
[EventCountry "ESP"]
[Source "lmi"]
[SourceDate "2010.03.28"]

1. e4 c5 2. Nf3 Nc6 3. d4 cxd4 4. Nxd4 Nf6 5. Nc3 e5 6. Ndb5 h6 7. Nd6+ Bxd6 8.
Qxd6 Qe7 9. Qxe7+ Kxe7 10. b3 d6 11. Ba3 a6 12. O-O-O Rd8 13. Bc4 Be6 14. Nd5+
Bxd5 15. exd5 Na5 16. Be2 b6 17. Rhe1 Nb7 18. f4 exf4 19. Bxa6+ Kf8 20. Bxb7
Rxa3 21. Kb2 Ra7 22. Bc6 Ng4 23. Rd4 g5 24. Rb4 Rb8 25. g3 Nxh2 26. gxf4 Nf3
27. Re3 g4 28. f5 h5 29. f6 Ne5 30. Re1 Kg8 31. Rh1 Kh7 32. Rxh5+ Kg6 33. Rh1
Kxf6 34. Rf4+ Ke7 35. Bb5 Rg8 36. Be2 Rg5 37. Rhf1 Ra8 38. a4 g3 39. Ra1 Rh8
40. Bf1 f5 41. Rb4 Nf3 42. Bg2 Rh2 43. Rf4 Nd2 44. Rg1 Kf6 0-1